[Event "Glasgow Open"]
[Site "Glasgow"]
[Date "1979.09.24"]
[Round "6"]
[White "Boyle, Christopher F"]
[Black "Stewart, Alan W"]
[Result "0-1"]
[WhiteElo "2015"]
[BlackElo "1895"]
[PlyCount "68"]
[EventDate "1979.09.21"]
[EventType "swiss"]
[EventRounds "5"]
[EventCountry "SCO"]
[SourceVersionDate "2021.11.04"]

1. e4 Nf6 2. e5 Nd5 3. c4 Nb6 4. d4 d6 5. f4 dxe5 6. fxe5 Bf5 7. Nc3 e6 8. Nf3
Nc6 9. Be3 Be7 10. Be2 O-O 11. O-O f6 12. a3 Na5 13. Nd2 fxe5 14. dxe5 Bg5 15.
Bxb6 axb6 16. Nf3 Be3+ 17. Kh1 Qe7 18. b4 Rfd8 19. Qe1 Nb3 20. Ra2 Bh6 21. Nh4
Bd3 22. Qg3 Bxe2 23. Nxe2 Nd2 24. Rfa1 Ne4 25. Qe1 Bd2 26. Rxd2 Nxd2 27. Nf4 g5
28. Nh5 gxh4 29. Nf6+ Kh8 30. Qxh4 Rd3 31. Qg4 Rad8 32. h3 R3d4 33. Qh5 Nxc4
34. Rf1 Ne3 0-1

[Event "Glasgow Open"]
[Site "Glasgow"]
[Date "1979.09.24"]
[Round "6"]
[White "Lamont, IL."]
[Black "Nixon, Ronald G"]
[Result "1-0"]
[WhiteElo "2030"]
[BlackElo "1895"]
[PlyCount "59"]
[EventDate "1979.09.21"]
[EventType "swiss"]
[EventRounds "5"]
[EventCountry "SCO"]
[SourceVersionDate "2021.11.04"]

1. c4 e6 2. Nf3 c5 3. g3 Nc6 4. Bg2 Nf6 5. O-O Be7 6. Nc3 d5 7. cxd5 exd5 8. d4
O-O 9. dxc5 d4 10. Na4 Bf5 11. Bf4 Re8 12. Rc1 Nd5 13. Ne5 Nxe5 14. Bxe5 Bg5
15. f4 Ne3 16. Qxd4 Qxd4 17. Bxd4 Nxf1 18. fxg5 Nd2 19. Bxb7 Rad8 20. e3 Re7
21. c6 Nf3+ 22. Kf2 Nxd4 23. exd4 Rc7 24. Nc5 Bc8 25. Na6 Re7 26. Bxc8 Rxc8 27.
d5 Ree8 28. d6 Red8 29. d7 Rxd7 30. cxd7 1-0